|
|
|
|
| LEADER |
01236nam a2200313 a 4500 |
| 001 |
36302 |
| 003 |
BD-DhAAL |
| 005 |
20211130153502.0 |
| 008 |
191023t2004 nyuao 000 0 eng d |
| 999 |
|
|
|c 41669
|d 41669
|
| 010 |
|
|
|a 2003069125
|
| 020 |
|
|
|a 0194536858 (pbk.)
|
| 020 |
|
|
|a 9780194536851
|
| 040 |
|
|
|a DLC
|c DLC
|d DLC
|d BD-DhAAL
|
| 050 |
0 |
0 |
|a PE1128
|b .B584 2004
|
| 082 |
0 |
0 |
|a 428.24
|2 22
|
| 100 |
1 |
|
|a Blackwell, Angela.
|9 36421
|
| 245 |
1 |
0 |
|a English knowhow.
|p Student book 3 /
|c Angela Blackwell, Therese Naber ; with Gregory J. Manin.
|
| 246 |
3 |
|
|a English knowhow student book 3
|
| 260 |
|
|
|a New York :
|b Oxford University Press,
|c c2004.
|
| 300 |
|
|
|a v, 138 pages :
|b color illustrations ;
|c 28 cm.
|
| 526 |
|
|
|a BIED
|
| 541 |
|
|
|a Complimentary copy from BIED
|e 36302
|
| 650 |
|
0 |
|a English language
|v Textbooks for foreign speakers.
|9 36422
|
| 700 |
1 |
|
|a Naber, Therese.
|9 36423
|
| 700 |
1 |
|
|a Manin, Gregory J.
|9 36424
|
| 852 |
|
|
|a Ayesha Abed Library
|c BIED Collection
|
| 942 |
|
|
|2 ddc
|c BK
|
| 952 |
|
|
|0 0
|1 0
|2 ddc
|4 0
|6 428_240000000000000_BLA
|7 0
|9 66909
|a BRACUL
|b BRACUL
|c GEN
|d 2019-10-23
|e Complimentary copy from BIED
|l 1
|m 2
|o 428.24 BLA
|p 3010036302
|r 2024-10-19
|s 2024-09-22
|t 1
|w 2019-10-23
|y BK
|x Transferred from BIED to General Stacks
|